Регионална библиотека "Любен Каравелов" - Русе

Ловци на пещерни мечки (Запис номер 123621)

MARC детайли
000 -Лидер
Контролно поле с фиксирана дължина 01887nam a2200373 c 4500
003 - Код на организацията, давaща контролен номер
Контролно поле BLK
005 - Дата и час на последна редакция
Контролно поле 20180422110937.0
008 - Елементи от данни с фиксирана дължина
fixed length control field 180409b bul|||||r ||||||| ||bul||
010 ## - Наследен системен номер
LC control number KNG00129282000
040 ## - Източник на каталожния запис
Идентификатор на билиотеката - собственик на записа BLK
041 ## - Код за език
Код за езика на текст/звукозапис или на отделно заглавие Български
Код за езика КДБФ Български
080 ## - УДК
Текстов определител УДК Антропология. Вж и 599.9 ; 61
УДК код - определител по УДК 572
УДК определител
УДК - код + определител 572
080 ## - УДК
Текстов определител УДК Предистория. Предист. паметници на материалната култура и тяхната интерпретация - оръдия на труда, оръжия, култови предмети, мегалити, пещерни и накол
УДК код - определител по УДК 903
УДК определител
УДК - код + определител 903
100 1# - Редна дума - Автор
Автор Аугуста, Йозеф
Авторска отговорност първи автор
R(LIN) 369623
139 ## - Редно поле
Редна дума Аугуста, Йозеф
Авторски знак Ат - А 93
245 10 - Сведения за заглавието
Заглавие Ловци на пещерни мечки
Подзаглавни данни Научнопопул. разкази за неандерталците : За горна училищна възраст
Редно поле (дума) Йозеф Аугуста; прев. от чеш. Люба Гатева Стоянова; ил. Зденек Буриан.
257 ## - Страна на издаване
Страна на създаване/издаване Чехословакия
260 ## - Област на издателските данни
-- София
Име на издателя, разпространителя и проч. Нар. младеж
Година на издаване 1963
300 ## - Физическа характеристика
Страници 223 с.
Илюстрации и др. с ил., 6 л. ил., 1 л. к.
Размери/Мащаб 22 см
380 ## - Жанр
Жанр Естествени науки. Математика
500 ## - Общи забележки
Забележка Авт. не е отбелязан на кор. - 10 100 тир.
650 #4 - Допълнително описание по предмет – тема
Основно описание – тема или топоним Праистория
9 (RLIN) 167522
650 #4 - Допълнително описание по предмет – тема
Основно описание – тема или топоним Антропология, историческа
9 (RLIN) 263402
653 ## - Ключова дума – ненормативна
Ключова дума неандерталци
653 ## - Ключова дума – ненормативна
Ключова дума праистория
653 ## - Ключова дума – ненормативна
Ключова дума антропология
700 1# - Други автори (авторска отговорност)
Лично име Стоянова, Люба Гатева
Автороска отговорност (Описва отношението между автора и произведението) прев. от чеш.
9 (RLIN) 377283
700 1# - Други автори (авторска отговорност)
Лично име Буриан, Зденек
Автороска отговорност (Описва отношението между автора и произведението) ил.
9 (RLIN) 369624
852 ## - Местоположение
Форматна сигнатура Цб 27570
856 4# - Електронен адрес и достъп
Електронен формат pdf - файл
Път до файла /url/
856 4# - Електронен адрес и достъп
Електронен формат pdf - файл
Път до файла /url/
942 ## - АРТИКУЛИ
Вид на библиотечния материал Книги
Скрит в OPAC Не
944 ## - СЪЗДАВАНЕ И РЕДАКЦИЯ на ЗАПИСА
Създаване/Редакция Създаване
Дата на регистрацията/редакция 27.03.2012
Статус, дата на статуса 27.03.2012 - от С1,Р / 27.03.2012
Служител, извършил регистрацията/редакцията Диана_Димитрова
944 ## - СЪЗДАВАНЕ И РЕДАКЦИЯ на ЗАПИСА
Създаване/Редакция Редакция
Дата на регистрацията/редакция 27.09.2017
Статус, дата на статуса 27.03.2012 - от С1,Р / 27.03.2012
Служител, извършил регистрацията/редакцията Вася_Ганчева
999 ## - СИСТЕМНИ КОНТРОЛНИ НОМЕРА
Koha biblionumber 123621
Koha biblioitemnumber 123621
Наличности
Код за отписване Код за изгубен артикул Източник на класификационната схема Код за повреда Коз за рестрикции Код за отдаване Артикулен № Име на библиотеката - собственик Име на библиотеката, в която се намира в момента Статус (Текущо местоположение) Дата на вписване в системата Местоположение - отдел Цена в лева Инвентарен номер Систематично азбучна сигнатура Баркод Номер на екземпляра Цена в евро Служебна бележка Служебен тип на артикула Бележка за публиката
  Не е изгубен Universal Decimal Classification Не е повреден само за читалня ползва се в читалня 200212 Регионална библиотека "Любен Каравелов" Русе Регионална библиотека "Любен Каравелов" Русе Хранилище 1963-01-01 Хранилище 0.98 13910/63 Цб 27570 900000091743 1 0.50 Дост: Dp Вид: Д N: стар фонд Дата: 01.01.1963 Книги  
Изтеглен Не е изгубен Universal Decimal Classification Не е повреден без рестрикции заемане за дома 200213 Регионална библиотека "Любен Каравелов" Русе Регионална библиотека "Любен Каравелов" Русе Заемна - подръчен фонд 1963-01-01 Заемна - подръчен фонд 0.00 10486/63 П 572/А 93 10486/63 2 0.00 Дост: Pk Вид: Ф N: стар фонд Дата: 01.01.1963 Книги  
Изтеглен Не е изгубен   Не е повреден без рестрикции заемане за дома 200214 Регионална библиотека "Любен Каравелов" Русе Регионална библиотека "Любен Каравелов" Русе   1963-01-01 Детски отдел 0.30 633628 ДН 57/А 93 633628 3 0.15 Дост: Pk Вид: Ф N: стар фонд Дата: 01.01.1963 Дата инв: 01.10.2015 Бележки инв: Д2015 Книги Отч.N: 38/2017 , Дата: 07.09.2017
Vip Innovations Ltd, Rousse, Bulgaria 2025